Dead by Daylight Survivor Perks - Statistics

General Stats
  • This quiz has been taken 261 times
    7 since last reset
  • The average score is 93 of 170
Answer Stats
Hint Answer % Correct
Meg Thomas Adrenaline
100%
Feng Min Alert
100%
Nea Karlsson Balanced Landing
100%
Leon S. Kennedy Bite the Bullet
100%
Dwight Fairfield Bond
100%
Alan Wake Champion of Light
100%
Kate Denson Dance With Me
100%
David King Dead Hard
100%
Laurie Strode Decisive Strike
100%
Adam Francis Deliverance
100%
Trevor Belmont Eyes of Belmont
100%
Lara Croft Finesse
100%
Kwon Tae-young Five Moves Ahead
100%
Jane Romero Head On
100%
Jake Park Iron Will
100%
Michonne Grimes Last Stand
100%
Dwight Fairfield Leader
100%
William "Bill" Overbeck Left Behind
100%
Feng Min Lithe
100%
David King No Mither
100%
Laurie Strode Object of Obsession
100%
Nicolas Cage Plot Twist
100%
Dwight Fairfield Prove Thyself
100%
Meg Thomas Quick & Quiet
100%
Claudette Morel Self-Care
100%
Meg Thomas Sprint Burst
100%
David Tapp Stake Out
100%
Feng Min Technician
100%
William "Bill" Overbeck Unbreakable
100%
Kate Denson Windows of Opportunity
100%
Yui Kimura Any Means Necessary
67%
Adam Francis Autodidact
67%
Steve Harrington Babysitter
67%
Renato Lyra Background Player
67%
Jill Valentine Blast Mine
67%
Kate Denson Boil Over
67%
Mikaela Reid Boon: Circle of Healing
67%
Yoichi Asakawa Boon: Dark Theory
67%
Mikaela Reid Boon: Shadow Step
67%
William "Bill" Overbeck Borrowed Time
67%
Claudette Morel Botany Knowledge
67%
Felix Richter Built to Last
67%
Jake Park Calm Spirit
67%
Ellen Ripley Chemical Trap
67%
Michonne Grimes Conviction
67%
Non-Specific Déjà Vu
67%
David Tapp Detective's Hunch
67%
Nicolas Cage Dramaturgy
67%
Claudette Morel Empathy
67%
Yun-Jin Lee Fast Track
67%
Nancy Wheeler Fixated
67%
Leon S. Kennedy Flashbang
67%
Ashley J. Williams Flip-Flop
67%
Zarina Kassir For the People
67%
Lara Croft Hardened
67%
Sable Ward Invocation: Weaving Spiders
67%
Non-Specific Kindred
67%
Ellen Ripley Light-Footed
67%
Non-Specific Lightweight
67%
Yui Kimura Lucky Break
67%
Ellen Ripley Lucky Star
67%
Gabriel Soma Made for This
67%
Aestri Yazar & Baermar Uraz Mirrored Illusion
67%
Non-Specific No One Left Behind
67%
Zarina Kassir Off the Record
67%
Vee Boonyasak One-Two-Three-Four!
67%
Yoichi Asakawa Parental Guidance
67%
Quentin Smith Pharmacy
67%
Jane Romero Poised
67%
Vittorio Toscano Potential Energy
67%
Vittorio Toscano Quick Gambit
67%
Orela Rose Rapid Response
67%
Ada Wong Reactive Healing
67%
Rebecca Chambers Reassurance
67%
Zarina Kassir Red Herring
67%
Jill Valentine Resurgence
67%
Vee Boonyasak Road Life
67%
Leon S. Kennedy Rookie Spirit
67%
Jake Park Saboteur
67%
Nicolas Cage Scene Partner
67%
Yun-Jin Lee Self-Preservation
67%
Non-Specific Slippery Meat
67%
Non-Specific Small Game
67%
Yun-Jin Lee Smash Hit
67%
Cheryl Mason Soul Guard
67%
Lara Croft Specialist
67%
Non-Specific Spine Chill
67%
Nea Karlsson Streetwise
67%
David Tapp Tenacity
67%
Ace Visconti Up the Ante
67%
Nea Karlsson Urban Evasion
67%
Quentin Smith Vigil
67%
Quentin Smith Wake Up!
67%
David King We're Gonna Live Forever
67%
Sable Ward Wicked
67%
Ada Wong Wiretap
67%
Ace Visconti Ace in the Hole
33%
Jeff Johansen Aftercare
33%
Rick Grimes Apocalyptic Ingenuity
33%
Élodie Rakoto Appraisal
33%
Aestri Yazar& Baermar Uraz Bardic Inspiration
33%
Rebecca Chambers Better than New
33%
Nancy Wheeler Better Together
33%
Cheryl Mason Blood Pact
33%
Renato Lyra Blood Rush
33%
Jonah Vasquez Boon: Exponential
33%
Alan Wake Boon: Illumination
33%
Jeff Johansen Breakdown
33%
Yui Kimura Breakout
33%
Steve Harrington Camaraderie
33%
Mikaela Reid Clairvoyance
33%
Rick Grimes Come and Get Me!
33%
Jonah Vasquez Corrective Action
33%
Jill Valentine Counterforce
33%
Thalita Lyra Cut Loose
33%
Non-Specific Dark Sense
33%
Alan Wake Deadline
33%
Élodie Rakoto Deception
33%
Felix Richter Desperate Measures
33%
Jeff Johansen Distortion
33%
Orela Rose Do No Harm
33%
Orela Rose Duty of Care
33%
Yoichi Asakawa Empathic Connection
33%
Vittorio Toscano Fogwise
33%
Thalita Lyra Friendly Competition
33%
Vee Boonyasak Ghost Notes
33%
Non-Specific Hope
33%
Rebecca Chambers Hyperfocus
33%
Haddie Kaur Inner Focus
33%
Nancy Wheeler Inner Strength
33%
Taurie Cain Invocation: Treacherous Crows
33%
Ada Wong Low Profile
33%
Ashley J. Williams Mettle of Man
33%
Trevor Belmont Moment of Glory
33%
Ace Visconti Open-Handed
33%
Jonah Vasquez Overcome
33%
Non-Specific Plunderer's Instinct
33%
Non-Specific Premonition
33%
Cheryl Mason Repressed Alliance
33%
Haddie Kaur Residual Manifest
33%
Non-Specific Resilience
33%
Steve Harrington Second Wind
33%
Taurie Cain Shoulder the Burden
33%
Laurie Strode Sole Survivor
33%
Jane Romero Solidarity
33%
Aestri Yazar & Baermar Uraz Still Sight
33%
Renato Lyra Teamwork: Collective Stealth
33%
Thalita Lyra Teamwork: Power of Two
33%
Michonne Grimes Teamwork: Throw Down
33%
Non-Specific This Is Not Happening
33%
Felix Richter Visionary
33%
Non-Specific We'll Make It
33%
Kwon Tae-young A Place For Us
0%
Dustin Henderson Bada Bada Boom
0%
Ashley J. Williams Buckle Up
0%
Dustin Henderson Change of Plan
0%
Taurie Cain Clean Break
0%
Adam Francis Diversion
0%
Eleven Extrasensory Perception
0%
Trevor Belmont Exultation
0%
Kwon Tae-young Flow State
0%
Haddie Kaur Overzealous
0%
Élodie Rakoto Power Struggle
0%
Gabriel Soma Scavenger
0%
Sable Ward Strength in Shadows
0%
Dustin Henderson Teamwork: Full Circuit
0%
Eleven Teamwork: Soft-Spoken
0%
Rick Grimes Teamwork: Toughen Up
0%
Gabriel Soma Troubleshooter
0%
Eleven We See You
0%
No matching quizzes found
Score Distribution
Percent of People with Each Score
Percentile by Number Answered
Your Score History
You have not taken this quiz since the last reset